Microsoft Power BI Essentials You Always Wanted To Know Master Data Transformation, Visualizations, AI Integration & Reporting For Smarter Business Insights (Record no. 46520)
[ view plain ]
| 000 -LEADER | |
|---|---|
| fixed length control field | 00589nam a22001697a 4500 |
| 005 - DATE AND TIME OF LATEST TRANSACTION | |
| control field | 20260114190546.0 |
| 008 - FIXED-LENGTH DATA ELEMENTS--GENERAL INFORMATION | |
| fixed length control field | 260114b |||||||| |||| 00| 0 eng d |
| 020 ## - INTERNATIONAL STANDARD BOOK NUMBER | |
| International Standard Book Number | 9781636515717 |
| 041 ## - LANGUAGE CODE | |
| Language code of text/sound track or separate title | Eng |
| 082 ## - DEWEY DECIMAL CLASSIFICATION NUMBER | |
| Classification number | 005.54 PIL |
| 100 ## - MAIN ENTRY--PERSONAL NAME | |
| Author | Pillai, Sini V. |
| 245 ## - TITLE STATEMENT | |
| Title | Microsoft Power BI Essentials You Always Wanted To Know Master Data Transformation, Visualizations, AI Integration & Reporting For Smarter Business Insights |
| 260 ## - PUBLICATION, DISTRIBUTION, ETC. | |
| Place | USA |
| Publisher | Vibrant |
| Publication Year | 2025 |
| 300 ## - PHYSICAL DESCRIPTION | |
| Extent | 334;. P. 21 cm |
| 650 ## - SUBJECT ADDED ENTRY--TOPICAL TERM | |
| Subject | Microsoft Excel ; Microsoft PowerPivot ; Business--Data processing |
| 942 ## - ADDED ENTRY ELEMENTS (KOHA) | |
| Koha item type | Books |
| Withdrawn status | Lost status | Source of classification or shelving scheme | Damaged status | Not for loan | Home library | Current library | Shelving location | Accession Date | Vendor | Price | Bill number | Total Checkouts | Full call number | Barcode No | Date due | Date last seen | Date last checked out | Bill Date | Koha item type | Suggested By |
|---|---|---|---|---|---|---|---|---|---|---|---|---|---|---|---|---|---|---|---|---|
| Dewey Decimal Classification | IMTN | IMTN | Rack 3-A | 01/14/2026 | Amazon | 499.00 | HYD3-32301 | 1 | 005.54 PIL | 33967 | 05/16/2026 | 01/16/2026 | 01/16/2026 | 12/26/2025 | Books | Faculty Purchase by Dr. Senthil Kumar |